000
00311nam a2200121Ia 4500
008
220204s9999 xx 000 0 und d
082
_a
616.89
_b
ITI
245
0
_a
Psychotropic action of hormones
260
_a
New York
_b
Spectrum
_c
1976
650
_a
Psychotropic hormone
700
_a
Itil, Turan M
942
_c
BK
999
_c
24984
_d
24984